| 000 | 01899nam0a2200397 4500 | ||
|---|---|---|---|
| 001 | RU\NLR\bibl\113330 | ||
| 005 | 20260406120733.0 | ||
| 010 |
_a5-7390-0346-6 _bобщ. |
||
| 010 |
_a5-7390-0308-3 _bОлимп |
||
| 010 |
_a5-237-00183-1 _94000 _bАСТ |
||
| 021 |
_aRU _b2000-24069 _91143 |
||
| 035 | _a(NLR Aleph) 000110944 | ||
| 090 |
_a629335 _c629335 |
||
| 100 | _a20001017d2000 |||y0rusy50 ca | ||
| 101 | 0 | _arus | |
| 102 | _aRU | ||
| 105 | _ay ||||||||| | ||
| 200 | 1 |
_aИзбранное _fВ. Набоков _g[Сост., предисл., коммент., справ.-метод. материалы С. Р. Федякина ] |
|
| 210 |
_aМ. _cОлимп _aНазрань _cАСТ _d2000 |
||
| 215 |
_a637, [2] c. _d21 |
||
| 225 | 1 |
_aШкола классики _eШК |
|
| 225 | 1 | _aКнига для ученика и учителя | |
| 320 | _aБиблиогр. в конце кн. | ||
| 327 | 1 |
_aСодерж.: Защита Лужина; Дар; Круг; Из книги "Николай Гоголь"; Стихотворения _aВ кн. также: Критика и коммент. Темы и развернутые планы соч. Материалы для подгот. к уроку |
|
| 600 | 1 |
_aНабоков _bВ.В. _f1899 - 1977 _gВладимир Владимирович _xИзучение в школе _92082116 _3RU\NLR\auth\661258131 |
|
| 686 | _aШ9(7США)62-4 | ||
| 686 | _aЧ426.21,6(2)315.8Набоков | ||
| 700 | 1 |
_4070 _8rus _7ca _aНабоков _bВ. В. _f1899-1977 _gВладимир Владимирович _3RU\NLR\auth\77403 _9110457 |
|
| 702 | 1 |
_4220 _8rus _7ca _aФедякин _bС.Р. _gСергей Романович _3RU\NLR\auth\7719961 _93030 |
|
| 801 | 0 |
_aRU _bNLR _c20001017 _gPSBO |
|
| 801 | 1 |
_aRU _bNLR _c20001017 |
|
| 852 |
_aNLR _j2000-3/12034 |
||
| 942 | _cBOOK | ||
| 980 | _aNB | ||